000 00540nab a2200145Ia 4500
003 ES-SlBCS
005 20210707165501.0
008 140529s2010 xxu||||| |||| 00| 0 por d
041 _apor
100 1 _aOliveira Moreira, Jacqueline de
_9209168
245 0 2 _aA concepçao de subjetividade em Lévinas: da solidao da hipóstase ao encontro com a alteridade
_c Jacqueline de Oliveira Moreira
600 1 4 _aLévinas, Emmanuel
_d, 1906-1995
_99109
773 0 _tEducaçao e Filosofia
_gvol. 24, nº. 47, 2010, págs. 55-72
_wRev1534
942 _cAR
999 _c601531
_d601531